000 02394pam a22004211i 4500
001 991012717489707026
003 UkOxU
005 20250625113846.0
006 m || d |
007 cr |||||||||||
008 200803s2020 enk o 000|f|eng|d
015 _aGBC0D6092
_2bnb
020 _a9780241463321
035 _a022259643-44oxf_inst
035 _a(UkOxU)022259643
035 _a(Uk)019930352
037 _aPenguinBooksLtd486382
_bIngram Content Group
040 _aStDuBDS
_beng
_erda
_epn
_cStDuBDS
_dUk
_dUkOxU
041 _aeng
042 _aukblsr
100 _aHardy, Thomas
_eauthor
_925569
245 0 0 _aFar from the madding crowd
_c/ adapted from the novel by Thomas Hardy.
264 1 _aLondon :
_bPenguin Books,
_c2020.
300 _a95 pages :
_billustrations ;
_c20 cm.
490 _aPenguin readers ;
_vLevel 5
500 _aLevel 5.
520 _aWith carefully adapted text, new illustrations, language practise activities and additional online resources, the Penguin Readers series introduces language learners to bestselling authors and compelling content. Titles include popular classics, exciting contemporary fiction, and thought-provoking non-fiction. Far from the Madding Crowd, a Level 5 Reader, is B1 in the CEFR framework. The text is made up of sentences with up to four clauses, introducing present perfect continuous, past perfect, reported speech and second conditional. It is well supported by illustrations, which appear regularly. Bathsheba Everdene is young and beautiful. She has her own farm and she likes to do things her way. Three men are in love with her - a poor shepherd, a rich farmer and a soldier. Which man will she choose, and will he be the right one for her?
540 _aRestricted: Printing from this resource is governed by The Legal Deposit Libraries (Non-Print Works) Regulations (UK) and UK copyright law currently in force.
_5UkOxU
588 _aDescription based on CIP data; resource not viewed.
650 0 _aManners and customs
_vFiction
_925571
650 0 _aFarm life
_zEngland
_vFiction
_925572
651 0 _aDorset (England)
_xSocial life and customs
_vFiction
_925570
655 0 _aReaders (Adult)
_922484
700 _aHardy, Thomas
_d1840-1928
_tFar from the madding crowd
_925573
700 _aCollins, Anne
_d1952-
_925574
_eauthor
700 _aGrott, Isabella
_d1985-
_925575
_eauthor
942 _2lcc
999 _c4790
_d4790